Learning Resource and Development

Living in the environment / (Record no. 28647)

MARC details
000 -LEADER
fixed length control field 02526nam a2200373 i 4500
003 - CONTROL NUMBER IDENTIFIER
control field CSPC
005 - DATE AND TIME OF LATEST TRANSACTION
control field 20250122111910.0
008 - FIXED-LENGTH DATA ELEMENTS--GENERAL INFORMATION
fixed length control field 250120s2021 si a 001 0 eng d
020 ## - INTERNATIONAL STANDARD BOOK NUMBER
International Standard Book Number 9789814896962
040 ## - CATALOGING SOURCE
Transcribing agency CSPC
Original cataloging agency CSPC
Language of cataloging eng
Description conventions rda
050 04 - LIBRARY OF CONGRESS CALL NUMBER
Classification number GE105
Item number .M547 2021
082 04 - DEWEY DECIMAL CLASSIFICATION NUMBER
Classification number 363.7
Item number M612l
Edition number 23
100 1# - MAIN ENTRY--PERSONAL NAME
Personal name Miller, G. Tyler,
Relator term author.
245 10 - TITLE STATEMENT
Title Living in the environment /
Statement of responsibility, etc. G. Tyler Miller and Scott E. Spoolman.
250 ## - EDITION STATEMENT
Edition statement Twentieth edition.
264 #1 - PRODUCTION, PUBLICATION, DISTRIBUTION, MANUFACTURE, AND COPYRIGHT NOTICE
Place of production, publication, distribution, manufacture Singapore :
Name of producer, publisher, distributor, manufacturer Cengage Learning Asia Pte Ltd,
Date of production, publication, distribution, manufacture, or copyright notice 2021.
300 ## - PHYSICAL DESCRIPTION
Extent xxviii, 129 pages :
Other physical details colored illustrations ;
Dimensions 28 cm.
336 ## - CONTENT TYPE
Source rdacontent
Content type term text
337 ## - MEDIA TYPE
Source rdamedia
Media type term unmediated
338 ## - CARRIER TYPE
Source rdacarrier
Carrier type term volume
500 ## - GENERAL NOTE
General note Includes index.
505 0# - FORMATTED CONTENTS NOTE
Formatted contents note Unit 1: Humans and sustainability an overview -- The environment and sustainability -- Unit 2: Science, ecological principles, and sustainability -- Science, matter, energy, and systems -- Ecosystems: What are they and how do they work? -- Biodiversity and evolution -- Species interactions, ecological succession, and population control -- The human population -- Climate and terrestrial biodiversity -- Aquatic biodiversity -- Unit 3: Sustaining biodiversity -- Sustaining biodiversity: saving species and ecosystem services -- Sustaining biodiversity: saving ecosystems and ecosystem services -- Sustaining aquatic biodiversity and ecosystem services -- Unit 4: Sustaining natural resources -- Food production and the environment -- Water resources -- Geology and mineral resources -- Nonrenewable energy -- Energy efficiency and renewable energy -- Unit 5: Sustaining environmental quality -- Environmental hazards and human health -- Air pollution and ozone depletion -- Climate change -- Water pollution -- Solid and hazardous waste -- Urbanization and sustainability -- Unit 6: Sustaining human societies -- Economics, environment, and sustainability -- Politics, environment, and sustainability -- Environmental worldviews, ethics, and sustainability.
650 #0 - SUBJECT ADDED ENTRY--TOPICAL TERM
Topical term or geographic name entry element Environmental sciences.
650 #0 - SUBJECT ADDED ENTRY--TOPICAL TERM
Topical term or geographic name entry element Human ecology.
650 #0 - SUBJECT ADDED ENTRY--TOPICAL TERM
Topical term or geographic name entry element Pollution.
650 #0 - SUBJECT ADDED ENTRY--TOPICAL TERM
Topical term or geographic name entry element Sustainable development.
650 #0 - SUBJECT ADDED ENTRY--TOPICAL TERM
Topical term or geographic name entry element Environmental sciences
General subdivision Textbooks.
650 #0 - SUBJECT ADDED ENTRY--TOPICAL TERM
Topical term or geographic name entry element Human ecology
General subdivision Textbooks.
650 #0 - SUBJECT ADDED ENTRY--TOPICAL TERM
Topical term or geographic name entry element Pollution
General subdivision Textbooks.
650 #0 - SUBJECT ADDED ENTRY--TOPICAL TERM
Topical term or geographic name entry element Sustainable development
General subdivision Textbooks.
700 1# - ADDED ENTRY--PERSONAL NAME
Personal name Spoolman, Scott E.,
Relator term author.
942 ## - ADDED ENTRY ELEMENTS (KOHA)
Source of classification or shelving scheme Dewey Decimal Classification
Suppress in OPAC No
Koha item type Books
Edition 23
Classification part 363.7
Item part M612l
Call number prefix CIR
Call number suffix 2021
Holdings
Withdrawn status Lost status Source of classification or shelving scheme Damaged status Not for loan Home library Current library Shelving location Date acquired Total Checkouts Full call number Barcode Date last seen Copy number Price effective from Koha item type
    Dewey Decimal Classification     Main Library Main Library Circulation Section 01/20/2025   CIR 363.7 M612l 2021 028720 01/20/2025 1-1 01/20/2025 Books